000
00321nam a2200145Ia 4500
008
240112s2016 xx 000 0 und d
022
_a
900036
041
_a
eng
082
_a
614
100
_a
DANEL J.
245
_a
AMERICAN JOU. OF PUBLIC HEALTH
260
_b
APHA
_c
2016
300
_a
1-564
_c
1-4
440
_v
106
999
_c
1144978
_d
1144978